Romans / (Record no. 9860)

MARC details
000 -LEADER
fixed length control field 04802pam a2200505 i 4500
001 - CONTROL NUMBER
control field 24546901
003 - CONTROL NUMBER IDENTIFIER
control field OCoLC
005 - DATE AND TIME OF LATEST TRANSACTION
control field 20241126110720.0
008 - FIXED-LENGTH DATA ELEMENTS--GENERAL INFORMATION
fixed length control field 910920s1992 mau b 001 0 eng
010 ## -
-- 91037200
020 ## - INTERNATIONAL STANDARD BOOK NUMBER
International Standard Book Number 0943575346
Qualifying information (pbk. Hendrickson and Peabody)
020 ## - INTERNATIONAL STANDARD BOOK NUMBER
International Standard Book Number 9780943575346
Qualifying information (pbk. Hendrickson and Peabody)
020 ## - INTERNATIONAL STANDARD BOOK NUMBER
International Standard Book Number 9781565631250
Qualifying information (set Hendrickson and Peabody)
020 ## - INTERNATIONAL STANDARD BOOK NUMBER
International Standard Book Number 1565631250
Qualifying information (set Hendrickson and Peabody)
020 ## - INTERNATIONAL STANDARD BOOK NUMBER
International Standard Book Number 0853646600
Qualifying information (pbk. Authentic Media)
020 ## - INTERNATIONAL STANDARD BOOK NUMBER
International Standard Book Number 9780853646600
Qualifying information (pbk. Authentic Media)
020 ## - INTERNATIONAL STANDARD BOOK NUMBER
Canceled/invalid ISBN 9781441236531
Qualifying information (electronic bk.)
020 ## - INTERNATIONAL STANDARD BOOK NUMBER
Canceled/invalid ISBN 1441236538
Qualifying information (electronic bk.)
020 ## - INTERNATIONAL STANDARD BOOK NUMBER
Canceled/invalid ISBN 9780801046155
Qualifying information (pbk. Baker)
020 ## - INTERNATIONAL STANDARD BOOK NUMBER
Canceled/invalid ISBN 0801046157
Qualifying information (pbk. Baker)
035 ## - SYSTEM CONTROL NUMBER
System control number tcgc227923
035 ## - SYSTEM CONTROL NUMBER
System control number (OCoLC)24546901
Canceled/invalid control number (OCoLC)33968860
-- (OCoLC)613941226
-- (OCoLC)778781999
-- (OCoLC)827649466
-- (OCoLC)855192723
-- (OCoLC)883440083
040 ## - CATALOGING SOURCE
Original cataloging agency DLC
Language of cataloging eng
Description conventions rda
Transcribing agency DLC
Modifying agency UKM
-- STU
050 00 -
-- BS2665.3
-- .E39 1991
055 #3 -
-- BS2341.2
-- .N43 v.6
082 00 - DEWEY DECIMAL CLASSIFICATION NUMBER
Classification number 220.77
-- 227/.1077
Edition information 20
Item number UND
100 1# - MAIN ENTRY--PERSONAL NAME
Personal name Edwards, James R.
Authority record control number or standard number https://id.loc.gov/authorities/names/n86065838
9 (RLIN) 17151
245 10 - TITLE STATEMENT
Title Romans /
Statement of responsibility, etc. James R. Edwards
264 #1 - PRODUCTION, PUBLICATION, DISTRIBUTION, MANUFACTURE, AND COPYRIGHT NOTICE
Place of production, publication, distribution, manufacture Grand Rapids :
Name of producer, publisher, distributor, manufacturer Bakerbooks,
Date of production, publication, distribution, manufacture, or copyright notice 2011
300 ## - PHYSICAL DESCRIPTION
Extent xx, 395 pages ;
Dimensions 22 cm.
336 ## - CONTENT TYPE
Content type term text
Content type code txt
Source rdacontent
337 ## - MEDIA TYPE
Media type term unmediated
Media type code n
Source rdamedia
338 ## - CARRIER TYPE
Carrier type term volume
Carrier type code nc
Source rdacarrier
440 ## - SERIES STATEMENT/ADDED ENTRY--TITLE
Title Understanding the Bible commentary series.
9 (RLIN) 15104
490 ## - SERIES STATEMENT
Series statement New International biblical commentary ;
Volume/sequential designation 6
504 ## - BIBLIOGRAPHY, ETC. NOTE
Bibliography, etc. note Includes bibliographical references (pages 365-366) and indexes.
505 00 - FORMATTED CONTENTS NOTE
Title The salutation (Rom. 1:1-7) --
-- Paul : the man and his message (Rom. 1:8-15) --
-- The gospel : the power of salvation (Rom. 1:16-17) --
-- Truth and tragedy (Rom. 1:18-32) --
-- The responsibility of privilege (Rom. 2:1-16) --
-- The straightedge of the law (Rom. 2:17-29) --
-- Israel's faithlessness and God's faithfulness (Rom. 3:1-8) --
-- The door to moral righteousness is shut! (Rom. 3:9-20) --
-- Jesus Christ : the righteousness of God (Rom. 3:21-31) --
-- Abraham as the model of faith (Rom. 4:1-12) --
-- Faith that defies defeat (Rom. 4:13-25) --
-- The transforming love of God (Rom. 5:1-11) --
-- Paradise lost, paradise regained (Rom. 5:12-21) --
-- The death that brings life (Rom. 6:1-14) --
-- The slavery that liberates (Rom. 6:15-23) --
-- Widowed from the law and married to Christ (Rom. 7:1-6) --
-- The power of sin within (Rom. 7:7-25) --
-- The advocacy of the Spirit (Rom. 8:1-17) --
-- The hope of glory (Rom. 8:18-30) --
-- The invincible love of God (Rom. 8:31-39) --
-- The election of Israel (Rom. 9:1-13) --
-- God's severe mercy (Rom. 9:14-29) --
-- Righteousness : gift or reward? (Rom. 9:30-10:4) --
-- Salvation without limits (Rom. 10:5-21) --
-- The remnant of grace (Rom. 11:1-10) --
-- Salvation to the ends of the earth (Rom. 11:11-24) --
-- The salvation of Israel and the glory of God (Rom. 11:25-36) --
-- A living sacrifice (Rom. 12:1-8) --
-- The marks of a Christian (Rom. 12:9-21) --
-- Church and state (Rom. 13:1-7) --
-- Love is the sum of the law (Rom. 13:8-10) --
-- The future Is retroactive (Rom. 13:11-14) --
-- The strong and the weak (Rom. 14:1-12) --
-- Rights and responsibilities (Rom. 14:13-23) --
-- Christ : the point of convergence (Rom. 15:1-13) --
-- Rome and beyond : the missionary calling of the Apostle Paul (Rom. 15:14-33) --
-- Names and faces of the gospel (Rom. 16:1-27).
520 ## - SUMMARY, ETC.
Summary, etc. Martin Luther called Romans the clearest gospel of all. But centuries of interpretive tradition and dogma have muddied the waters! Edwards's careful exposition pays attention to literary detail and historical context to clarify the epistles significance for its original readers and for the church today. The NIBC format (section-by-section exposition of the NIV, all Greek transliterated, and separate textual and technical notes) make this commentary ideal for laypeople and pastors.James Edwards . . . has written the commentary I have been looking for: an exposition of the English text of Romans that takes account of the latest scholarship, refuses to duck the tough theological questions that keep popping up in Romans, and communicates in uncluttered English and effective illustrations. . . . Critical Review of Books in Religion
Assigning source --Amazon.com.
630 00 - SUBJECT ADDED ENTRY--UNIFORM TITLE
Uniform title Bible.
Name of part/section of a work Romans
Authority record control number or standard number https://id.loc.gov/authorities/names/n79026730
Form subdivision Commentaries.
Authority record control number or standard number https://id.loc.gov/authorities/subjects/sh99001404
9 (RLIN) 848
653 0# - INDEX TERM--UNCONTROLLED
Uncontrolled term Christianity
-- Scriptures.
700 1# - ADDED ENTRY--PERSONAL NAME
Personal name Gasque, W. Ward.
Authority record control number or standard number https://id.loc.gov/authorities/names/n79060784
9 (RLIN) 17152
730 02 -
-- Bible.
-- Romans.
-- https://id.loc.gov/authorities/names/n79026730
-- English.
-- New International.
-- 1991.
-- 17153
830 #0 -
-- New International biblical commentary ;
-- https://id.loc.gov/authorities/names/n86708935
-- 6.
-- 17154
942 ## - ADDED ENTRY ELEMENTS (KOHA)
Source of classification or shelving scheme Dewey Decimal Classification
Koha item type Reference Books
Holdings
Withdrawn status Lost status Source of classification or shelving scheme Damaged status Not for loan Home library Current Library Shelving location Date acquired Total checkouts Full call number Barcode Date last seen Copy number Price effective from Koha item type
    Dewey Decimal Classification     GRACE BIBLE COLLEGE GRACE BIBLE COLLEGE Commentary 2023-08-02   220.77 UND 016301 2025-05-01 c.1 2023-08-02 Reference Books
    Dewey Decimal Classification     GRACE BIBLE COLLEGE GRACE BIBLE COLLEGE Commentary 2024-03-01   220.77 UND 016549 2025-05-01 c.2 2024-03-01 Reference Books
© Grace Bible College Library 2025